000 00550nam a2200169Ia 4500
008 090711s9999 xx 000 0 und d
082 _b1470
100 _aमहाजन सुशिला
245 _aडाव मांडियेला
260 _bआस्वाद प्रकाशन
_c1998
300 _a209
600 _aमहाजन सुशिला
630 _aडाव मांडियेला
700 _aमहाजन सुशिला
730 _aडाव मांडियेला
942 _cBOOK
999 _c334338
_d334338